| 000 | 00580nam a2200193 a 4500 | ||
|---|---|---|---|
| 082 |
_a625.5 _bAND _cL-1, P-9 |
||
| 100 | 1 |
_aAndersen, Dick _944458 |
|
| 245 | 1 |
_aWordstar tips and traps _cAndersen, Dick |
|
| 250 | _a1st ed. | ||
| 260 |
_aDelhi: _bBPB, Publishers , _c1987 |
||
| 300 |
_a239p. _bill. _c25 cm. |
||
| 526 |
_a0 _b0 _c0 _d625_500000000000000_AND |
||
| 526 |
_a0 _b0 _c0 _d625_500000000000000_AND |
||
| 526 |
_a0 _b0 _c0 _d625_500000000000000_AND |
||
| 650 |
_aMCE _9379 |
||
| 650 |
_aWord Processing _936793 |
||
| 650 |
_aWord Star (Computer File) _944459 |
||
| 942 |
_2ddc _cBK |
||
| 999 |
_c548244 _d548244 |
||